| 000 | 01416nam0a22003251 4500 | ||
|---|---|---|---|
| 001 | RU\INGAK2\INFOCOMM_322\NLR\5000182370 | ||
| 005 | 20250625203034.0 | ||
| 035 | _a(NLR Aleph) 011045271 | ||
| 090 |
_a11172017 _c11172017 |
||
| 100 | _a20130218d1976 |||y0rusy50 ca | ||
| 101 | 1 |
_aspa _crus |
|
| 102 | _aRU | ||
| 105 | _ay z|||| | ||
| 200 | 1 |
_aHacia el socialismo eludiendo el capitalismo _e[Recopilación _gintrod. y notas de Vadim Trubnikov, cand. a dr. en ciencias filos.] _fC. Marx, F. Engels, V. I. Lenin |
|
| 210 |
_aM. _cEd. de la Agencia de prensa "Nóvosti" _d1976 |
||
| 215 |
_a79 с. _d17 см |
||
| 225 | 1 | _aEl acervo del marxismo-leninismo | |
| 300 | _aВ вып. дан.: К. Маркс, Ф. Энгельс, В. Ленин. О пути к социализму, минуя капитализм. [Сборник отрывков] | ||
| 454 | 0 |
_12001#$aО пути к социализму, минуя капитализм.$e[Сборник отрывков] _tО пути к социализму, минуя капитализм. |
|
| 620 | _aМосква | ||
| 686 |
_a115.2:А _2rubbk |
||
| 700 | 1 |
_9z01790 _aMarx _bK. _f1818-1883 _gKarl |
|
| 701 | 1 |
_aEngels _bF. _f1820-1895 _gFriedrich |
|
| 701 | 1 |
_aLenin _bV. I. _f1870-1924 _gVladimir Il'ič |
|
| 790 | 1 |
_9z01700 _aMarx _bC. _4070 |
|
| 801 | 1 |
_aRU _bInfoComm _c20130218 |
|
| 801 | 0 |
_aRU _bNLR _gPSBO |
|
| 852 |
_aNLR _jМ21 Д-2/91 |
||
| 942 | _cBOOK | ||
| 980 | _aNB | ||